000 00450nam a2200181Ia 4500
001 5244
005 20260306145854.0
008 260306t2000||||xx |||||||||||||| ||spa||
041 _aESP
082 _a338.4791
_bC46
100 _aCenfotur - BID
_eAUT
245 0 _aNiveles de calidad de los servicios turísticos en el Perú
260 _c2000
300 _a45 páginas :
_c20 cm.
650 _aGEN
654 _aCAN
942 _cLIB
_dJUS
_fJUS
_2ddc
_n
999 _c5244
_d5244